000 01675nam a2200301Ia 4500
999 _c55238
_d55238
001 22314
003 GE_BSU
005 20230309163520.0
008 181216s2006||||ge |||||||||||||| ||geo||
020 _a9789941162657
040 _cGE_BSU
041 _ageo
080 _a087.5:910.4(450) მ-19
100 _aმაკართი, ნიკ
_917154
245 _aმარკო პოლო ბიჭი : რომელმაც შუა საუკუნეების მსოფლიო მოიარა /
_cნიკ მაკართი ; სურ. ვენეტა ბულენი ; მთარგმნ. რამაზ ხატიაშვილი, ნოდარ მანჩხაშვილი ; რედ. მერაბ ცაგარეიშვილი.
264 _aთბილისი :
_bსაქართველოს მაცნე,
_c2006.
300 _a64 გვ. :
_bილ. ;
_c25 სმ.
490 _aNational geographic
500 _aლექსიკონი გვ. : 60-61
500 _a საძიებელი გვ. : 62-64
504 _a ბიბლიოგრაფია გვ. : 62
541 _h9ლ.60თ.
653 _aგამოცემები ბავშვებისა და ახალგაზრდობისათვის
653 _aისტორია
653 _aმარკო პოლო ბიჭი, რომელმაც შუა საუკუნეების მსოფლიო მოიარა
700 _aცაგარეიშვილი, მერაბ
_eრედაქტორი
_917155
942 _cBK
_2udc